Contemporary economics; selected readings, (Record no. 4803)
[ view plain ]
| 000 -LEADER | |
|---|---|
| fixed length control field | 00902cam a22003011i 4500 |
| 001 - CONTROL NUMBER | |
| control field | 2513444 |
| 005 - DATE AND TIME OF LATEST TRANSACTION | |
| control field | 20170822174834.0 |
| 008 - FIXED-LENGTH DATA ELEMENTS--GENERAL INFORMATION | |
| fixed length control field | 740410s1967 mau 000 0 eng |
| 010 ## - LIBRARY OF CONGRESS CONTROL NUMBER | |
| LC control number | 67011291 //r91 |
| 035 ## - SYSTEM CONTROL NUMBER | |
| System control number | (OCoLC)1169600 |
| 035 ## - SYSTEM CONTROL NUMBER | |
| System control number | (OCoLC)ocm01169600 |
| 035 ## - SYSTEM CONTROL NUMBER | |
| System control number | (NNC)2513444 |
| 040 ## - CATALOGING SOURCE | |
| Original cataloging agency | DLC |
| Transcribing agency | DLC |
| Modifying agency | BSU |
| 050 00 - LIBRARY OF CONGRESS CALL NUMBER | |
| Classification number | HB171 |
| Item number | .S564 1967 |
| 082 00 - DEWEY DECIMAL CLASSIFICATION NUMBER | |
| Classification number | 330.SLE |
| Edition number | 21 |
| 090 ## - LOCALLY ASSIGNED LC-TYPE CALL NUMBER (OCLC); LOCAL CALL NUMBER (OCLC) | |
| Classification number (OCLC) (R) ; Classification number, CALL (RLIN) (NR) | HB171 |
| Local cutter number (OCLC) ; Book number/undivided call number, CALL (RLIN) | .SL28 1967 |
| 245 00 - TITLE STATEMENT | |
| Title | Contemporary economics; selected readings, |
| Statement of responsibility, etc | edited by Reuben E. Slesinger and Asher Isaacs. |
| 250 ## - EDITION STATEMENT | |
| Edition statement | 2d ed. |
| 260 ## - PUBLICATION, DISTRIBUTION, ETC. (IMPRINT) | |
| Place of publication, distribution, etc | Boston, |
| Name of publisher, distributor, etc | Allyn and Bacon, |
| Date of publication, distribution, etc | 1967. |
| 300 ## - PHYSICAL DESCRIPTION | |
| Extent | xi, 551 p. |
| Dimensions | 22 cm. |
| 650 #0 - SUBJECT ADDED ENTRY--TOPICAL TERM | |
| Topical term or geographic name as entry element | Economics. |
| 9 (RLIN) | 1242 |
| 658 ## - INDEX TERM--CURRICULUM OBJECTIVE | |
| Main curriculum objective | economics |
| 700 1# - ADDED ENTRY--PERSONAL NAME | |
| Personal name | Perlman, Mark, |
| Dates associated with a name | 1923-2006, |
| Relator term | editor. |
| 9 (RLIN) | 10199 |
| 700 1# - ADDED ENTRY--PERSONAL NAME | |
| Personal name | Isaacs, Asher, |
| Dates associated with a name | 1902-1963, |
| Relator term | editor. |
| 9 (RLIN) | 10200 |
| 700 1# - ADDED ENTRY--PERSONAL NAME | |
| Personal name | Slesinger, Reuben E., |
| Relator term | editor. |
| 9 (RLIN) | 10201 |
| 942 ## - ADDED ENTRY ELEMENTS (KOHA) | |
| Source of classification or shelving scheme | Dewey Decimal Classification |
| Item type | Books |
| Withdrawn status | Lost status | Source of classification or shelving scheme | Damaged status | Not for loan | Collection code | Home library | Current library | Shelving location | Date acquired | Source of acquisition | Total Checkouts | Full call number | Barcode | Date last seen | Copy number | Price effective from | Koha item type |
|---|---|---|---|---|---|---|---|---|---|---|---|---|---|---|---|---|---|
| Dewey Decimal Classification | Main Library | Main Library | 16/05/2007 | Donation. | 330.SLE | 12812 | 16/05/2013 | 1 | 16/05/2013 | Books |